Oral Pathology Examination Target (Record no. 21838)

MARC details
000 -LEADER
fixed length control field 00358nam a22001457a 4500
003 - CONTROL NUMBER IDENTIFIER
control field SGT
020 ## - INTERNATIONAL STANDARD BOOK NUMBER
International Standard Book Number 9788181914774
082 ## - DEWEY DECIMAL CLASSIFICATION NUMBER
Classification number 6116.0707
Item number O17B
100 ## - MAIN ENTRY--PERSONAL NAME
Personal name BIRADAR, VIJAY KUMAR
245 ## - TITLE STATEMENT
Title Oral Pathology Examination Target
260 ## - PUBLICATION, DISTRIBUTION, ETC. (IMPRINT)
Place of publication, distribution, etc Delhi India
Name of publisher, distributor, etc Paras Medical Publisher
Year of Publication 2017
300 ## - PAGE DESCRIPTION
No. of Pages 1-242
650 ## - SUBJECT ADDED ENTRY--TOPICAL TERM
Topical term or geographic name as entry element Oral Pathology
942 ## - ADDED ENTRY ELEMENTS (KOHA)
Source of classification or shelving scheme Dewey Decimal Classification
Koha item type Books
Holdings
Withdrawn status Lost status Source of classification or shelving scheme Damaged status Not for loan Home library Current library Shelving location Date acquired Vendor Name SGTU Total Checkouts Full call number Accession No. (Barcode) Date last seen Date last borrowed Bill Date Koha item type
    Dewey Decimal Classification     SGT Dental Library SGT Dental Library Text Book 10/09/2021 ABC SGTU 2 6116.0707 O17B FD8446 28/10/2025 17/10/2025 10/09/2021 Books